Resolving work breakdown structure problems (Record no. 71438)

MARC details
000 -LEADER
fixed length control field 00863cam a2200229 4500
001 - CONTROL NUMBER
control field ABS66098
008 - FIXED-LENGTH DATA ELEMENTS--GENERAL INFORMATION
fixed length control field 021024n2002 000 0 eng u
035 ## - SYSTEM CONTROL NUMBER
System control number (Sirsi) u120251
100 ## - MAIN ENTRY--PERSONAL NAME
Personal name Mueller, S.E.
245 ## - TITLE STATEMENT
Title Resolving work breakdown structure problems
260 ## - PUBLICATION, DISTRIBUTION, ETC.
Date of publication, distribution, etc. 2002
490 ## - SERIES STATEMENT
Series statement Cost Engineer
Volume/sequential designation 40(4) September 2002, 17-21(4)
520 ## - SUMMARY, ETC.
Summary, etc. Looks at work breakdown structure (WBS) problems and solutions in two areas: implementing a project management software system and creating the WBS for a project. Also takes a broader look at improving the scop, schedule and cost in the project management system.
590 ## - LOCAL NOTE (RLIN)
Local note ABS
650 ## - SUBJECT ADDED ENTRY--TOPICAL TERM
Topical term or geographic name entry element WORK BREAKDOWN STRUCTURE
650 ## - SUBJECT ADDED ENTRY--TOPICAL TERM
Topical term or geographic name entry element MANAGEMENT-PROJECT MANAGEMENT
650 ## - SUBJECT ADDED ENTRY--TOPICAL TERM
Topical term or geographic name entry element SOFTWARE
650 ## - SUBJECT ADDED ENTRY--TOPICAL TERM
Topical term or geographic name entry element COSTS
650 ## - SUBJECT ADDED ENTRY--TOPICAL TERM
Topical term or geographic name entry element INFORMATION SYSTEMS
690 ## - LOCAL SUBJECT ADDED ENTRY--TOPICAL TERM (OCLC, RLIN)
Topical term or geographic name as entry element Project management
9 (RLIN) 6261
942 ## - ADDED ENTRY ELEMENTS (KOHA)
Suppress in OPAC 0
Holdings
Withdrawn status Lost status Source of classification or shelving scheme Damaged status Not for loan Home library Current library Shelving location Date acquired Total Checkouts Full call number Barcode Date last seen Copy number Price effective from Koha item type
    Dewey Decimal Classification     London London Journal article 24/10/2002   ABS66098 120251-1001 06/08/2019 1 06/08/2019 Journal article